000 00562nam a2200193Ia 4500
003 IN-BaIIA
008 211028s9999 xx 000 0 eng d
040 _cIIA Library
080 _a58
_bROX-5
100 _aRoxburgh, W
_910623
245 0 _aDrawings of Indian plants,FASC-5
_cW. Roxburgh
260 _aCalcutta
_bBotanical Survey of India
_c1971
300 _a52p.
650 _aBotany
_99995
650 _aDrawings - plants
_910624
650 _aIndian plants
_910625
650 _aNASA thesaurus
942 _cBK
999 _c6145
_d6145